Catálogo

Vista normal Vista MARC

Entrada Personal Name

Número de registros utilizados en: 1

001 - CONTROL NUMBER

  • control field: 15668

003 - CONTROL NUMBER IDENTIFIER

  • control field: DLC

005 - DATE AND TIME OF LATEST TRANSACTION

  • control field: 20240507161629.0

008 - FIXED-LENGTH DATA ELEMENTS

  • fixed length control field: 860602n| azannaabn |a aaa

010 ## - LIBRARY OF CONGRESS CONTROL NUMBER

  • LC control number: n 85279198

035 ## - SYSTEM CONTROL NUMBER

  • System control number: (OCoLC)oca01595514

040 ## - CATALOGING SOURCE

  • Original cataloging agency: DNLM
  • Language of cataloging: spa
  • Description conventions: rda
  • Transcribing agency: Mx-PuUPA
  • Modifying agency: DLC
  • Modifying agency: DNLM
  • Modifying agency: DLC
  • Modifying agency: Mx-PuUPA

100 1# - HEADING--PERSONAL NAME

  • Personal name: Lowe, J. S.,
  • Fuller form of name: (James Steven)

373 ## - ASSOCIATED GROUP

  • Associated group: Universidad de Nottingham
  • Source of term: naf

374 ## - OCCUPATION

  • Occupation: Autor
  • Occupation: Profesor de Neuropatología

375 ## - GENDER

  • Gender: hombre

377 ## - ASSOCIATED LANGUAGE

  • Language code: eng

378 ## - FULLER FORM OF PERSONAL NAME

  • Fuller form of personal name: James Steven

400 1# - SEE FROM TRACING--PERSONAL NAME

  • Personal name: Lowe, James Steven

670 ## - SOURCE DATA FOUND

  • Source citation: Giarelli, L. Colour atlas of pathology, 1986:
  • Information found: CIP t.p. (J.S. Lowe)

670 ## - SOURCE DATA FOUND

  • Source citation: Medical directory, 1985:
  • Information found: (Lowe, James Steven)

670 ## - SOURCE DATA FOUND

  • Source citation: Stevens & Lowe's human histology, 2020:
  • Information found: title page (James S. Lowe, BMedSci, BMBS, DM, FRCPath, Emeritus Professor of Neuropathology, School of Medicine, University of Nottingham, Nottingham, UK)